| 000 | 01421nam a2200313 4500 | ||
|---|---|---|---|
| 001 | 177010 | ||
| 003 | ES-MaACL | ||
| 005 | 20250813110628.0 | ||
| 008 | 110223s2009 sp aeip |||| | spa d | ||
| 020 | _a9788496800342 | ||
| 080 | _a016:091.31 | ||
| 080 | _a75.057(460) | ||
| 245 | 0 | 3 |
_aLa historia iluminada _b: manuscritos miniados e ilustrados de la provincia de Albacete (ss. XIII-XVIII) : [Archivo Histórico Provincial, sala de exposiciones, Albacete, del 1 al 30 de octubre de 2009] / _c[Luis G. García-Saúco Beléndez]. |
| 260 |
_aAlbacete : _bInstituto de Estudios Albacetenses "Don Juan Manuel", _c2009. |
||
| 300 |
_a107 p. : _bil. col., planos ; _c25 cm. |
||
| 490 | 1 |
_aSerie III. Congresos, seminarios, exposiciones y homenajes ; _v12 |
|
| 504 | _aBibliografía: p. 106-107. | ||
| 650 | 7 |
_aManuscritos miniados- _vExposiciones. _9145366 |
|
| 650 | 4 |
_aIluminación de manuscritos- _zEspaña. _9145370 |
|
| 655 | 7 |
_2tgfbne _9193628 _aCatálogos de exposiciones |
|
| 700 | 1 |
_aGarcía-Sauco Beléndez, Luis G. _955286 |
|
| 710 | 2 |
_aArchivo Histórico Provincial de Albacete. _9145367 |
|
| 710 | 2 |
_aInstituto de Estudios Albacetenses. _94884 |
|
| 830 | 0 | 0 |
_aCongresos, seminarios, exposiciones y homenajes _v12 _9183060 |
| 852 |
_aES-MaACL _9 183783 _bR.145421 _jA-11017 _dOlim: N-4022 _cDEPO1 |
||
| 942 |
_2udc _cMONOGRAFIA |
||
| 999 |
_c177010 _d177010 |
||